Technical drawing and design / (Record no. 9801)
[ view plain ]
| 000 -LEADER | |
|---|---|
| fixed length control field | 00732pam a2200265 a 4500 |
| 001 - CONTROL NUMBER | |
| JCCL Control Number | 9801 |
| 003 - CONTROL NUMBER IDENTIFIER | |
| JCCL marc code | BD-JhCC |
| 005 - DATE AND TIME OF LATEST TRANSACTION | |
| control field | 20180401095700.0 |
| 008 - FIXED-LENGTH DATA ELEMENTS--GENERAL INFORMATION | |
| fixed length control field | 850621s1986 nyua 001 0 eng |
| 020 ## - INTERNATIONAL STANDARD BOOK NUMBER | |
| International Standard Book Number | 0827322232 |
| 035 ## - SYSTEM CONTROL NUMBER | |
| system control number | (BD-JhCC)9801 |
| 040 ## - CATALOGING SOURCE | |
| Original cataloging agency | DLC |
| Transcribing agency | DLC |
| Modifying agency | DLC |
| -- | BD-JhCC |
| 041 ## - LANGUAGE CODE | |
| Language code of Book | eng |
| 050 00 - LIBRARY OF CONGRESS CALL NUMBER | |
| Classification number | T353 |
| Item number | .G63 1986 |
| 082 00 - DEWEY DECIMAL CLASSIFICATION NUMBER | |
| Classification number | 604.2/4 |
| DDC Edition number | 19 |
| Author mark and Year | GOE 1986 |
| 100 1# - MAIN ENTRY--PERSONAL NAME | |
| Personal name | Goetsch, David L. |
| 245 10 - TITLE STATEMENT | |
| Title | Technical drawing and design / |
| Statement of responsibility, etc | David L. Goetsch, John A. Nelson. |
| 260 ## - PUBLICATION, DISTRIBUTION, ETC. (IMPRINT) | |
| Place of publication, distribution, etc | Albany, N.Y. : |
| Name of publisher, distributor, etc | Delmar Publishers, |
| Date of publication, distribution, etc | c1986. |
| 300 ## - PHYSICAL DESCRIPTION | |
| Pagination | xi, 747 p. : |
| Other physical details | ill. ; |
| Dimensions | 29 cm. |
| 500 ## - GENERAL NOTE | |
| General note | Includes index. |
| 650 #0 - SUBJECT ADDED ENTRY--TOPICAL TERM | |
| Topical term or geographic name as entry element | Mechanical drawing. |
| 700 1# - ADDED ENTRY--PERSONAL NAME | |
| Personal name | Nelson, John A., |
| Dates associated with a name | 1935- |
| 942 ## - ADDED ENTRY ELEMENTS (KOHA) | |
| Source of classification or shelving scheme | Dewey Decimal Classification |
| Koha item type | Books |
| Source of classification or shelving scheme | Damaged status | Not for loan | Home library | Current library | Shelving location | Date of accession | Total Checkouts | Full call number | Barcode | Date last seen | Copy number | Koha item type |
|---|---|---|---|---|---|---|---|---|---|---|---|---|
| Dewey Decimal Classification | JCC Rouf Library | JCC Rouf Library | General Stacks | 04/01/2018 | 604.2/4 GOE 1986 | 13307 | 04/01/2018 | C-1 | Books |